| 000 | 00708nam a22002057a 4500 | ||
|---|---|---|---|
| 003 | OSt | ||
| 005 | 20251125133555.0 | ||
| 008 | 251125b |||||||| |||| 00| 0 eng d | ||
| 020 | _a971-513-168-9 | ||
| 040 |
_aDWC-Main lib _cOC |
||
| 082 |
_21st edition _aFil. 610.73 B292 2002 |
||
| 245 | _aBasic concepts in nursing 100 | ||
| 250 | _a1st edition | ||
| 260 |
_aManila : _bEducational Publishing House, _c c2002 |
||
| 300 |
_ax, 173 pages : _c20 cm. |
||
| 504 | _aIncludes bibliographical references and index | ||
| 650 | _2Nursing | ||
| 700 |
_aTHE EDUCATIONAL PUBLISHING HOUSE STAFF _ecompiler |
||
| 942 |
_2ddc _cBK - FIL _e1st edition _hFil. 610.73 B292 2002 _kFil. _n0 |
||
| 999 |
_c6268 _d6268 |
||